[Event "Canberra ANU op"]
[Site "Canberra"]
[Date "2009.07.26"]
[Round "7"]
[White "Holmes, Adam"]
[Black "Ng, Joshua"]
[Result "1-0"]
[WhiteElo "2070"]
[BlackElo "1321"]
[PlyCount "51"]
[EventDate "2009.07.25"]
[EventType "swiss"]
[EventRounds "7"]
[EventCountry "AUS"]
[SourceTitle "EXT 2011"]
[Source "ChessBase"]
[SourceDate "2010.11.26"]
[SourceVersion "1"]
[SourceVersionDate "2010.11.26"]
[SourceQuality "1"]

1. Nf3 e6 2. c4 f5 3. Nc3 Nf6 4. d4 d5 5. Bf4 c6 6. e3 Nbd7 7. c5 Be7 8. Bd3 h6 9. Nh4 0-0 10. Ng6 Re8 11. Nxe7+ Qxe7 12. h3 Ne4 13. Qc2 Ndf6 14. g4 Nxc3 15. bxc3 fxg4 16. hxg4 Nxg4 17. Rg1 Qh4 18. 0-0-0 Nh2 19. Bh7+ Kh8 20. Bg3 Qe7 21. Bxh2 Bd7 22. Bg3 b6 23. Be5 Rg8 24. Bxg8 Rxg8 25. Qg6 Qh4 26. Bxg7+ 1-0

[Event "Canberra ANU op"]
[Site "Canberra"]
[Date "2009.07.26"]
[Round "5"]
[White "Ninchich, Milan"]
[Black "Holmes, Adam"]
[Result "0-1"]
[WhiteElo "1622"]
[BlackElo "2070"]
[PlyCount "76"]
[EventDate "2009.07.25"]
[EventType "swiss"]
[EventRounds "7"]
[EventCountry "AUS"]
[SourceTitle "EXT 2011"]
[Source "ChessBase"]
[SourceDate "2010.11.26"]
[SourceVersion "1"]
[SourceVersionDate "2010.11.26"]
[SourceQuality "1"]

1. e4 c5 2. Nf3 e6 3. c3 Nf6 4. d3 d5 5. e5 Nfd7 6. d4 Nc6 7. Be3 Qb6 8. Qd2 f6 9. a3 fxe5 10. dxe5 Ndxe5 11. Nxe5 Nxe5 12. b4 Ng4 13. Bg5 Bd6 14. h3 Ne5 15. Be2 0-0 16. 0-0 Bd7 17. Qe3 Nf7 18. Bh4 e5 19. bxc5 Bxc5 20. Qd3 Bc6 21. Nd2 e4 22. Qc2 Rae8 23. Rab1 Qc7 24. Nb3 Bxa3 25. Nd4 Bd6 26. Nb5 Bxb5 27. Rxb5 d4 28. c4 d3 29. Bxd3 exd3 30. Qxd3 b6 31. Rh5 h6 32. Qg6 Ne5 33. Qc2 Qxc4 34. Qb1 Qf7 35. Qd1 Bc5 36. Bg3 Rd8 37. Qe2 Nd3 38. Rh4 Nxf2 0-1

[Event "US Masters qual"]
[Site "Hendersonville"]
[Date "2007.03.11"]
[Round "3"]
[White "Holmes, Adam"]
[Black "Christensen, Wayne"]
[Result "1/2-1/2"]
[WhiteElo "2027"]
[BlackElo "2149"]
[PlyCount "76"]
[EventDate "2007.03.10"]
[EventType "swiss"]
[EventRounds "9"]
[EventCountry "USA"]
[SourceTitle "EXT 2011"]
[Source "ChessBase"]
[SourceDate "2010.11.26"]
[SourceVersion "1"]
[SourceVersionDate "2010.11.26"]
[SourceQuality "1"]

1. Nf3 d5 2. d4 Nf6 3. c4 c6 4. Nc3 a6 5. cxd5 cxd5 6. Bf4 Nc6 7. h3 Ne4 8. Qb3 Nxc3 9. bxc3 g6 10. e3 Bg7 11. Bd3 0-0 12. 0-0 Na5 13. Qc2 Bd7 14. Nd2 Rc8 15. Rac1 b5 16. Qb1 Re8 17. Bg5 Qc7 18. e4 dxe4 19. Nxe4 Be6 20. Nc5 Qd6 21. a4 bxa4 22. Nxa4 Bc4 23. Nb6 Rc6 24. Nxc4 Nxc4 25. Qa2 Qd5 26. Bf4 Rec8 27. Qe2 Qd7 28. Rfe1 e6 29. Be4 Rb6 30. Rb1 Rxb1 31. Rxb1 Nd6 32. Bd2 Nxe4 33. Qxe4 h5 34. Rb7 Qc6 35. Qxc6 Rxc6 36. Rb8+ Kh7 37. Rb7 Kg8 38. Rb8+ Kh7 1/2-1/2

[Event "US Masters qual"]
[Site "Hendersonville"]
[Date "2007.03.11"]
[Round "4"]
[White "Holmes, Adam"]
[Black "Fouts, Matthew A"]
[Result "1/2-1/2"]
[WhiteElo "2027"]
[BlackElo "2043"]
[PlyCount "53"]
[EventDate "2007.03.10"]
[EventType "swiss"]
[EventRounds "9"]
[EventCountry "USA"]
[SourceTitle "EXT 2011"]
[Source "ChessBase"]
[SourceDate "2010.11.26"]
[SourceVersion "1"]
[SourceVersionDate "2010.11.26"]
[SourceQuality "1"]

1. Nf3 d5 2. d4 g6 3. c4 c6 4. cxd5 cxd5 5. Nc3 Bg7 6. Bf4 Nc6 7. e3 Nf6 8. h3 Bf5 9. Be2 0-0 10. Qb3 Na5 11. Qb4 Rc8 12. 0-0 Re8 13. Ne5 Ne4 14. Nxe4 Bxe4 15. Rac1 Nc6 16. Qxb7 Nxe5 17. Bxe5 Bxe5 18. dxe5 Rb8 19. Qxa7 Rxb2 20. Qa6 Qa8 21. a4 e6 22. Bb5 Qxa6 23. Bxa6 Ra8 24. Bb5 Bc2 25. Ra1 Rb4 26. Bc6 Ra6 27. Bb5 1/2-1/2